| 000 | 00481nam a2200193Ia 4500 | ||
|---|---|---|---|
| 005 | 20140426101126.0 | ||
| 008 | 140130s9999 xx 000 0 und d | ||
| 020 | _a0439420792 | ||
| 050 |
_aPZ 7 _b.Ab131Sds 2003 |
||
| 100 |
_aAbbott, Tony _94148 |
||
| 245 |
_cTony Abbott. _aSearch for the Dragon Ship |
||
| 260 |
_bScholastic, _c2003. _aUSA : |
||
| 300 |
_a122 p. : _c23 cm. |
||
| 440 |
_v1 _931174 |
||
| 521 | _aG8 | ||
| 526 | _c910 | ||
| 942 |
_cBK _2lcc |
||
| 999 |
_c41280 _d41280 |
||